01594nam a2200313 a 4500001001000000005001700010008004100027041000800068044000800076084002000084100005000104245009100154260003200245300004900277500014600326500033900472500001000811546002400821650005700845650006100902650003900963650005001002700003001052740005001082902000801132942001101140999001501151952011401166BRCA_327320190320204211.0130309s1842----enka---###---#000-0#eng-# aeng aenk a574b.D35c18421 aCervantes Saavedra, Miguel ded1547-1616921310aDon Quixote de la ManchacTranslated from the Spanish of Miguel de Cervantes Saavedra. aLondresbCharles Dalyc1842 a1 v. en 2 partes (viii, 507 p.)bil.c23 cm. aContenido : v.1. Primera parte. Prefacio del editor. Vida de Cervantes. Prólogo del autor. Segunda parte. Dedicatoria y prólogo del autor aTraducción anónima basada en la versión de Mary Smirke, con el mismo prefacio de la traductora y la biografía de Cervantes que tiene la edición modelo. Va adornada con láminas de Gilbert. Edición económica, pero bien impresa. Piel; planos orlados, lomos decorados con dorados; cortes dorados también Lúdovik Osterc aQM455 aTexto en : inglés14aNovela españolayÉpoca clásica, 1500-1700921514aLiteratura españolayÉpoca clásica, 1500-1700921614aNovela españolaySiglo XVII921714aDon Quijote (Personaje ficticio)eNovela92181 aGilberteIlustrador986930 aEl Ingenioso Hidalgo Don Quijote de la Mancha aQFM 2lcccB c3009d3009 00104070aBRCAbBRCAd2009-03-13iQM455l0o574 .D35 1842 (QM455)p3270r2019-03-22 00:00:00w2019-03-22yB